MARC

LEADER 00000nam0a2200000 4500
001 34992
005 20231030232149.0
035 |a (RuTPU)RU\TPU\book\35408 
035 |a BOOK00002060 
090 |a 34992 
100 |a 20011210d1979 km y0rusy50 ca 
101 1 |a rus  |c fre 
102 |a RU 
105 |a y z 000zy 
200 1 |a Численные методы  |e пер. с фр.  |f Ж. Кунцман 
210 |a Москва  |c Наука  |d 1979 
215 |a 159 с. 
610 1 |a математическое моделирование 
610 1 |a численные методы 
610 1 |a вычислительная математика 
610 1 |a алгоритмы 
610 1 |a алгебраические выражения 
675 |a 519.6  |v 3 
700 1 |a Кунцман  |b Ж. 
801 0 |a RU  |b 63413507  |c 20011210  |g PSBO 
801 2 |a RU  |b 63413507  |c 20110316  |g PSBO 
900 |a Математическое моделирование 
942 |c BK